| 000 | 02474cam a22004332 4500 | ||
|---|---|---|---|
| 001 | 0000012756 | ||
| 005 | 20151217161143.0 | ||
| 008 | 090318s xx 000 0 eng d | ||
| 020 |
_a0716601044 : _cKES 1 |
||
| 040 |
_aKABU _cKABU |
||
| 245 | 1 | 4 | _aThe World book encyclopedia. |
| 260 |
_aChicago : _bWorld Book, _c2004. |
||
| 300 | _a22 v. | ||
| 650 | 0 |
_aEncyclopedias and dictionaries. _@0000147988 |
|
| 852 | 1 | _9p10,000 KES (22 v. set) | |
| 852 | 1 | _9p10,000 KES (22 v. set) | |
| 852 | 1 | _9p10,000 KES (22 v. set) | |
| 852 | 1 | _9p10,000 KES (22 v. set) | |
| 852 | 1 | _9p10,000 KES (22 v. set) | |
| 852 | 1 | _9p10,000 KES (22 v. set) | |
| 852 | 1 | _9p10,000 KES (22 v. set) | |
| 852 | 1 | _9p10,000 KES (22 v. set) | |
| 852 | 1 | _9p10,000 KES (22 v. set) | |
| 852 | 1 | _9p10,000 KES (22 v. set) | |
| 852 | 1 | _9p10,000 KES (22 v. set) | |
| 852 | 1 | _9p10,000 KES (22 v. set) | |
| 852 | 1 | _9p10,000 KES (22 v. set) | |
| 852 | 1 | _9p10,000 KES (22 v. set) | |
| 852 | 1 | _9p10,000 KES (22 v. set) | |
| 852 | 1 | _9p10,000 KES (22 v. set) | |
| 852 | 1 | _9p10,000 KES (22 v. set) | |
| 852 | 1 | _9p10,000 KES (22 v. set) | |
| 852 | 1 | _9p10,000 KES (22 v. set) | |
| 852 | 1 | _9p10,000 KES (22 v. set) | |
| 852 | 1 | _9p10,000 KES (22 v. set) | |
| 852 | 1 | _9p10,000 KES (22 v. set) | |
| 908 | _a090318 | ||
| 950 | _@1 | ||
| 999 |
_c15111 _d15111 |
||